Kilkuczłonowe stolice - Statystyki

Ogólne statystyki
  • Ten quiz został rozwiązany 105 razy
    5 od ostatniego zresetowania
  • Średni wynik to 12 z 25
Statystyki odpowiedzi
Kontynent Stolica % Poprawnych
Afryka Addis Abeba
100%
Ameryka Południowa Buenos Aires
100%
San Marino
100%
La Paz
75%
San Salvador
75%
Santo Domingo
75%
Azja Abu Zabi
50%
Kuala Lumpur
50%
Nowe Delhi
50%
Phnom Penh
50%
Ameryka Północna {Port}-{au}-{Prince}
50%
Oceania Port Moresby
50%
{Porto}-{Novo}
50%
San José
50%
Sri Dźajawardanapura Kotte
50%
Europa Andorra la Vella
25%
Bandar Seri Begawan
25%
Ciudad de la Paz
25%
Port Louis
25%
{Port}-{of}-{Spain}
25%
Port Vila
25%
Saint George's
25%
Saint John's
25%
São Tomé
25%
Ułan Bator
25%
Nie znaleziono quizów pasujących do podanych kryteriów
Rozkład punktacji
Procent ludzi z każdym wynikiem
Percentyl według liczby udzielonych odpowiedzi
Twoja historia wyników
Nie rozwiązałeś tego quizu od ostatniego zresetowania